| 000 | 00000nam 2200000zi 4500 |
| 001 | 9.953277 |
| 003 | CaOODSP |
| 005 | 20250820091212 |
| 006 | m o d f |
| 007 | cr cn||||||||| |
| 008 | 250716e20250710oncd ob f000 0 eng d |
| 040 | |aCaOODSP|beng|erda|cCaOODSP |
| 043 | |an-cn--- |
| 086 | 1 |aYN5-305/2025E-PDF |
| 100 | 1 |aMichalyshyn, Katarina, |eauthor. |
| 245 | 10|aUpdate on the spending outlook of the Canada Infrastructure Bank / |cLead analysts: Katarina Michalyshyn. |
| 264 | 1|aOttawa, Canada : |bOffice of the Parliamentary Budget Officer = Bureau du directeur parlementaire du budget, |cJuly 10, 2025. |
| 264 | 4|c©2025 |
| 300 | |a1 online resource (23 pages) : |bgraphs |
| 336 | |atext|btxt|2rdacontent |
| 337 | |acomputer|bc|2rdamedia |
| 338 | |aonline resource|bcr|2rdacarrier |
| 500 | |aCover title. |
| 500 | |aIssued also in French under title: Mise à jour des perspectives des dépenses de la Banque de l'infrastructure du Canada. |
| 504 | |aIncludes bibliographical references (pages 22-23). |
| 520 | |a"The Canada Infrastructure Bank (CIB) will disburse $14.9 billion by 2027-28, which is $20.1 billion less than the target of $35 billion. This disbursement projection is slightly lower than the $15.9 billion projected in the 2021 PBO report. By 2029-30, the CIB is projected to disburse $20.7 billion. Disbursements for Indigenous projects have already met their $1 billion target and are expected to reach $3.1 billion by 2027-28"--Highlights, page 1. |
| 610 | 20|aCanada Infrastructure Bank|xFinance. |
| 650 | 0|aGovernment corporations|zCanada|xFinance. |
| 650 | 0|aInfrastructure (Economics)|zCanada|xFinance. |
| 710 | 1 |aCanada. |bOffice of the Parliamentary Budget Officer, |eissuing body. |
| 775 | 08|tMise à jour des perspectives des dépenses de la Banque de l'infrastructure du Canada / |w(CaOODSP)9.954281 |
| 856 | 40|qPDF|s508 KB|uhttps://publications.gc.ca/collections/collection_2025/dpb-pbo/YN5-305-2025-eng.pdf |
| 856 | 4 |qHTML|sN/A|uhttps://www.pbo-dpb.ca/en/publications/RP-2526-005-S--update-spending-outlook-canada-infrastructure-bank--mise-jour-perspectives-depenses-banque-infrastructure-canada |
| 986 | |aRP-2526-005-S_e |
| 986 | |aT_RP_3.1.0e |